LEADER 01270nam a2200229 u 4500 001 000000027124 003 CaOOAMICUS 005 20070226111644.0 008 960110s1605 it u000 u lat u 035 $a10703347 040 $aBAV(R)$bita 110 1 $aStati pontifici.$0(OLS)http://pul/name/18021 240 10$aLeggi, ecc. (Stati pontifici).$0(OLS)http://pul/title/29842 245 10$aAegidianae constitutiones, cum additionibus Carpensibus, nunc denuo recognitae, et a quampluribus erroribus expurgatae cum glossis non minus doctis, quam utilibus, praestantissimi viri Gasparis Caballini ... . 260 $aVenetiis :$bapud Ioannem Zenarium,$c1605. 300 $a6 f. p., 412, [20] p. ;$c31 cm 500 $aFront. in rosso e nero con incis. 850 $aPUL 852 $aPUL$W1$xDP1 Antico 600$y25$m204 A 15$j37798$nBK-PRI$b $qStampati Antico$B37798$CPULBib$Z2$F37798 $H $81 941 1 $a15 996 $6245$aAegidianae constitutiones, cum additionibus Carpensibus, nunc denuo recognitae, et a quampluribus erroribus expurgatae cum glossis non minus doctis, quam utilibus, praestantissimi viri Gasparis Caballini ... $9(OLS)http://pul/title/37179 996 $6260$aVenetiis :$bapud Ioannem Zenarium$9(OLS)http://pul/publisher/59607 LEADER 01454nam a2200301 u 4500 001 000000074043 003 CaOOAMICUS 005 20150622160555.0 008 021129s1991 it u000 u ita u 020 $a8801101597 035 $a10946462 040 $aPUL$bita 245 00$aAdulti e catechesi nella comunità :$borientamenti per la catechesi degli adulti : contributo di studio in preparazione al Convegno Nazionale 1992. 260 $aLeumann :$bElle Di Ci,$cc1991. 300 $av. <2 >$c19 cm 500 $aIn testa al front.: Ufficio Catechistico Nazionale. 650 4$aCatechesi.$0(OLS)http://pul/subject/4492 710 1 $aUfficio Catechistico Nazionale.$0(OLS)http://pul/name/49011 850 $aPUL 852 $aPUL$W1$xSL Religione 2$y84$mRH E3 80$j95594$nBK-PRI$b $qStampati altre collocazioni$B95594$CPULBib$Z2$F95594 $H $81 852 $aPUL$W1$xDP1 Fondo S. Lanza$y121$m3 C 2$j13621$qFondi$B166920$CPULBib$Z2$F166920 $HLAN2299 $82 941 1 $a10 941 1 $a1 961 $aINV: 69200 961 $aNota ms. di possesso: Sergio Lanza 996 $6020$a8801101597$9(OLS)http://pul/number/95739 996 $6245$aAdulti e catechesi nella comunità :$borientamenti per la catechesi degli adulti : contributo di studio in preparazione al Convegno Nazionale 1992$9(OLS)http://pul/title/97307 996 $6260$aLeumann :$bElle Di Ci$9(OLS)http://pul/publisher/58080 LEADER 01183nam a2200289 a 4500 001 000000170876 003 CaOOAMICUS 005 20181130120327.0 008 181130s2008 xxu 000 u eng r 020 $a978-0-465-00300-6* 032 $aLibriCat 040 $aPUL$bita 082 14$a215 100 1 $aKauffman, Stuart A.$0(OLS)http://pul/name/43974 245 10$aReinventing the Sacred: $ba new Vvew of science, reason, and religion /$cStuart Kauffman. 260 $aNew York :$bBasic books,$c©2008. 300 $a320 p. ;$c24 cm. 504 $aContiene riferimenti bibliografici e indice. 650 4$aReligione e scienza.$0(OLS)http://pul/subject/147 850 $aPUL 852 $aPUL$W1$xDP2 Religione 3$y114$m215 KAUST 1$j194097$qDDC 21$B199390$CPULBib$Z2$F199390 $H131776 $81 941 1 $a9 996 $6020$a978-0-465-00300-6*$9(OLS)http://pul/number/165444 996 $6082$a215$9(OLS)http://pul/classification/503 996 $6245$aReinventing the Sacred: $ba new Vvew of science, reason, and religion$9(OLS)http://pul/title/211719 996 $6260$aNew York :$bBasic books$9(OLS)http://pul/publisher/67346